Score 0/30 Timer 05:00
0 Plays Today
Station City % Correct
Heathrow Terminals 1,2,3???
97.3%
Howard Beach/JFK Airport???
96.8%
Waterloo???
93.4%
Wimbledon???
93.4%
Wall Street???
91.1%
West Ham???
90.7%
Leicester Square???
90.4%
79th Street???
90.3%
Elephant and Castle???
88%
Flushing Avenue???
86.5%
Elmhurst Avenue???
82.1%
Parsons Green???
80.1%
Cannon Street???
79.7%
Mets-Willets Point???
79%
Warwick Avenue???
78.7%
Station City % Correct
Cypress Hills???
76.6%
Borough Hall???
72.5%
Canada Water???
72.1%
Hanger Lane???
71.6%
Canal Street???
69.4%
Borough???
69.2%
Kingsbury???
66.7%
Fresh Pond Road???
64.3%
Botanic Garden???
63.7%
Prince Street???
62.4%
Turnpike Lane???
62.1%
Queensbury???
60.8%
Bowling Green???
55.5%
Kingston Avenue???
50.1%
Middletown Road???
49.3%
Remove Ads.
Support Sporcle.
Get the best of Sporcle when you Go Orange. This ad-free experience offers more features, more stats, and more fun while also helping to support Sporcle. Thank you for becoming a member.

You're not logged in!

Compare scores with friends on all Sporcle quizzes.
OR
Log In

Show Comments

Extras

Top Quizzes Today


Score Distribution

Your Account Isn't Verified!

In order to create a playlist on Sporcle, you need to verify the email address you used during registration. Go to your Sporcle Settings to finish the process.

Report this User

Report this user for behavior that violates our Community Guidelines.

Details: